000 00987naa a22003257a 4500
001 BR7406523
003 BR-BrBNA
005 20240918173713.0
007 ta
008 230509b bl.||||| |||| 00| 0 por d
040 _aBR-BrBNA
_bpor
_cBiblioteca Nacional de Agricultura
041 _a(Pt)
072 _aF00
_b3575
090 _aF00 BR7406523
100 1 _aRocha, F.F.
245 1 _aAnalise de germinacao [semente]
260 3 _aPelotas, RS (Brasil):
_c1974.
500 _aCurso de producao e tecnologia de sementes Pelotas, RS (Brasil): 1974. p. 27-52 (BR7406523-AM)F00
650 _aSEMENTE
650 _aGERMINACAO
650 _aEQUIPAMENTO
650 _aINSPECAO SANITARIA
650 _aTEMPERATURA
650 _aDORMENCIA DA SEMENTE
650 _aSECAGEM
650 _aPLANTULA
773 0 _tCurso de producao e tecnologia de sementes
_b
_wF00 BR7406523
_gPelotas, RS (Brasil), 1974. p. 27-52
909 _a202404
_bLucia
_c55
_dLucia Elande
942 _cAM
_2AGRIS
999 _c306306
_d306306